000 00599 a2200217 4500
999 _c22872
_d22872
001 145210
003 OSt
005 20210305115349.0
008
020 _a9788132113904
082 _a306.0954
_bC89C
245 1 _aCulture and society /
_cedited by Susan Visvanathan
260 _aNew Delhi :
_bSage,
_c2014,
300 _axxxiii, 377p.
490 _aReadings in Indian Sociology
_vV. 9
630 _aSocial Work
690 _aIndia; Culture; Intellectual life
700 _aVisvanathan, Susan, ed.
800 _aModi, Ishwar, ed.
942 _2ddc
_cBK